000 00659nas a2200205Ia 4500
005 20170608110952.0
008 130506s1980 xxua r 0 0eng
022 0 _a0030-5898
040 _aCO-BoUCM
_bspa
_cJose A. Gerena (modificó)
_d[Nuevo]
060 0 0 _aW1
210 0 _aOrthop. clin. North Am.
245 0 4 _aThe Orthopedic clinics of North America
260 _aPhiladelphia
_bSaunders
_c1980-
300 _avolúmenes
_bilustraciones
650 0 7 _aCirugía ortopédica
_vPublicaciones seriadas
_910926
650 0 7 _aOrtopedia
_926544
650 0 7 _aOrtopedia
_vPublicaciones seriadas
_964116
942 _cPUBSERIADA
_2LOCAL
_simpresa
_a26
_n0
041 _aeng
999 _c94632
_d94632